Catalog

Record Details

Catalog Search



Available copies

  • 3 of 4 copies available at LARL/NWRL Consortium. (Show)
  • 3 of 3 copies available at Northwest Regional Library.

Current holds

0 current holds with 4 total copies.

Show Only Available Copies
Location Call Number / Copy Notes Barcode Shelving Location Status Due Date
Godel Memorial-Warren Library GRI (Text) 35500003258645 Main Available -
Greenbush Public Library GRI (Text) 35500003266986 Main Available -
Thief River Falls Public Library GRI (Text) 35500003895818 Main Available -

Record details

  • ISBN: 9780345531995
  • ISBN: 0385508042
  • ISBN: 9780385508049
  • Physical Description: 376 p. ; 25 cm.
  • Edition: 1st ed.
  • Publisher: New York : Doubleday, c2003.
Genre: Legal stories.
Suspense fiction.
LDR 01295cam a2200301Ia 4500
00145828
003LARL_NWRL_CONSORTIUM
00520210406212723.0
008021119s2003 nyu 000 1 eng d
020 . ‡a9780345531995
020 . ‡a0385508042
020 . ‡a9780385508049
035 . ‡a(OCoLC)51033987
040 . ‡aWVK ‡cWVK ‡dWIQ
099 . ‡aGri
1001 . ‡aGrisham, John. ‡0(LARL_NWRL_CONSORTIUM)97617
24514. ‡aThe king of torts / ‡cJohn Grisham.
250 . ‡a1st ed.
260 . ‡aNew York : ‡bDoubleday, ‡cc2003.
300 . ‡a376 p. ; ‡c25 cm.
655 7. ‡aLegal stories. ‡2gsafd
655 7. ‡aSuspense fiction. ‡2gsafd
901 . ‡a45828 ‡bOCLC ‡c45828 ‡tbiblio

Additional Resources